Faculty of Law Library — Cairo University

Official Online Catalog

Prisoners Of War In International Armed Conflict / (Record no. 63939)

MARC details
000 -LEADER
fixed length control field 01475nam a2200337 i 4500
003 - CONTROL NUMBER IDENTIFIER
control field EG-GICUC
005 - DATE AND TIME OF LATEST TRANSACTION
control field 20260221092837.0
008 - FIXED-LENGTH DATA ELEMENTS--GENERAL INFORMATION
fixed length control field 260221s1930 -usadk fr|||| 001 0 eng d
040 ## - CATALOGING SOURCE
Original cataloging agency EG-GiCUC
Language of cataloging eng
Transcribing agency EG-GiCUC
Modifying agency EG-GiCUC
Description conventions rda
041 0# - LANGUAGE CODE
Language code of text/sound track or separate title eng
082 04 - DEWEY DECIMAL CLASSIFICATION NUMBER
Edition number 21
Classification number 341.65
Item number LE . P
092 04 - LOCALLY ASSIGNED DEWEY CALL NUMBER (OCLC)
Edition number 21
099 ## - LOCAL FREE-TEXT CALL NUMBER (OCLC)
Classification number Law1 11 341.65 LE . P 1930
100 1# - MAIN ENTRY--PERSONAL NAME
Personal name Levie, Howard S
Relator term Author.
245 10 - TITLE STATEMENT
Title Prisoners Of War In International Armed Conflict /
Statement of responsibility, etc. By Howard S. Levie
264 #1 - PRODUCTION, PUBLICATION, DISTRIBUTION, MANUFACTURE, AND COPYRIGHT NOTICE
Place of production, publication, distribution, manufacture Washington :
Name of producer, publisher, distributor, manufacturer Winston S. Churchill,
Date of production, publication, distribution, manufacture, or copyright notice 1930.
300 ## - PHYSICAL DESCRIPTION
Extent 529 pages :
Other physical details illustrations,
Dimensions 24 cm
336 ## - CONTENT TYPE
Source rda content
Content type term text
337 ## - MEDIA TYPE
Source rda media
Media type term Computer
338 ## - CARRIER TYPE
Source rda carrier
Carrier type term Online Resource
490 ## - SERIES STATEMENT
Series statement International Law Studies
Volume/sequential designation Volume 59
500 ## - GENERAL NOTE
General note Prisoner Of War! That Is The Least Unfortunate Kind Of Prisoner To Be, But It Is Nevertheless A Melancholy State. You Are In The Power Of Your Enemy. You Owe Your Life To His Humanity, And Your Daily Bread To His Compassion. You Must Obey His Orders, Go Where He Tells You, Stay Where You Are Bid, Await His Pleasure, Possess Your Soul In Patience<br/>
504 ## - BIBLIOGRAPHY, ETC. NOTE
Bibliography, etc. note Includes bibliographical references and index.<br/><br/><br/>
546 ## - LANGUAGE NOTE
Language note Text in English
590 ## - LOCAL NOTE (RLIN)
Local note إهداء مكتبة الأستاذ الدكتور صلاح عامر
650 14 - SUBJECT ADDED ENTRY--TOPICAL TERM
Topical term or geographic name entry element Public international law
Source of heading or term
651 1# - SUBJECT ADDED ENTRY--GEOGRAPHIC NAME
Source of heading or term
856 40 - ELECTRONIC LOCATION AND ACCESS
Uniform Resource Identifier <a href="https://fll.law.cu.edu.eg/fulltext/bks/B11-08058.pdf">https://fll.law.cu.edu.eg/fulltext/bks/B11-08058.pdf</a>
905 ## - Cataloger and Reviser Names
Cataloger Name: Basma Mohamed
942 ## - ADDED ENTRY ELEMENTS (KOHA)
Source of classification or shelving scheme Dewey Decimal Classification
Koha item type Books
Edition 21
Suppress in OPAC No
Holdings
Withdrawn status Lost status Source of classification or shelving scheme Damaged status Not for loan Collection Home library Current library Date acquired Source of acquisition Total checkouts Full call number Barcode Date last seen Copy number Price effective from Koha item type
    Dewey Decimal Classification   Not for loan القانون الدولي العام جــــامعة القــاهرة مكتبة كلية الحقوق - المبنى الرئيسي 21.02.2026 إهداء مكتبة الأستاذ الدكتور صلاح عامر   Law1 11 341.65 LE . P 1930 1108058 C1 B11-08058 21.02.2026 1 21.02.2026 Books

© All rights reserved — Faculty of Law, Cairo University